| 000 | 00693nam a2200277Ia 4500 | ||
|---|---|---|---|
| 001 | Z_2870 | ||
| 003 | CHAP | ||
| 008 | 220113s1974 xx 000 0 und d | ||
| 010 | _a165946 | ||
| 040 | _cCHAP | ||
| 082 | _a636.0892664 S2y | ||
| 100 | _aSchmidt, G. H. | ||
| 245 |
_aBiología de la lactación / _cpor G. H. Schmidt |
||
| 260 |
_aZaragoza : _bAcribia, _c1974 |
||
| 300 |
_a307 p. : _bilus. ; gráfs. |
||
| 440 | _a | ||
| 500 | _aTrad. De : la edición en inglés de 1971 | ||
| 503 | _a131540, 131712, C. 3 FOTOCOPIA | ||
| 650 |
_aLactancia I. t. _9138464 |
||
| 901 | _a636.0892664 S2y | ||
| 902 | _aA | ||
| 910 | _a1974 | ||
| 942 | _c1 | ||
| 942 | _cc1 | ||
| 999 |
_c165946 _d165946 |
||